000 00928nam a2200253 i 4500
001 187571
003 ES-MaACL
005 20260214063019.0
008 171129s2010 sp |||| | spa d
020 _a978-84-7954-705-9
080 _a1:37(460)
100 1 _aAguado Hernández, Felipe,
_d1946-
_918621
245 1 0 _aLa filosofìa en la educaciòn secundaria
_b: hacia una enseñanza estimulativa y un aprendizaje creativo /
_cFelipe Aguado Hernández.
250 _a1ª ed.
260 _aMadrid :
_bEdiciones Libertarias,
_c2010.
300 _a302 p. ;
_c20 cm.
490 1 _aEnsayo ;
_v141
650 0 4 _aFilosofía-
_xEnseñanza.
_912809
830 0 _aEnsayo ;
_v141
_9177699
852 _aES-MaACL
_jA-14104
_9194657
_bR.151549
_cDEPO1
_dOlim: N-7104
_hDonación: Felipe Aguado Hernández
903 _aAguado Hernández, Felipe,
_d1946-
_ednr
_918621
942 _2udc
_cMONOGRAFIA
999 _c187571
_d187571